| 000 | 00451nam a22001697a 4500 | ||
|---|---|---|---|
| 999 |
_c523988 _d523988 |
||
| 003 | NUST | ||
| 038 | _aShaban | ||
| 082 |
_a891.42 _bABA |
||
| 100 |
_aAbasi, Gull Zeb _914817 |
||
| 245 |
_aHanwan de phull _cGull Zeb Abasi |
||
| 260 |
_aLahore -: _bGulshan-e-Adab Publications, _c2013. |
||
| 300 | _a160 p. -; | ||
| 500 | _aHardcover | ||
| 880 |
_6100-02\r _aگل زیب عباسی |
||
| 880 |
_6245-02\r _aہنجواں دے پھل |
||
| 942 |
_2ddc _cBK |
||